000 00522nam a22001937a 4500
003 KOHA_MİRAKIL
005 20241003053917.0
008 241002b2020 tu ||||| |||| 00| 0 tur d
020 _a9786057800732
040 _aTR-AnABB
_btur
_cTR-AnABB
041 _atur
082 _a915.6104
_bMAZ 2020
100 1 _aMazak, Mehmet
_9962
245 1 0 _aŞehir kokusu /
_cMehmet Mazak.
260 _aİstanbul :
_bYeditepe Yayınevi,
_c2020.
300 _a216 sayfa ;
_c21 cm.
650 _aSeyahet kitabı
_9963
942 _2ddc
_cBK
999 _c7539
_d7539
900 _bCan Çelik